Places by letter A - Statistics

General Stats
  • This quiz has been taken 84 times
  • The average score is 21 of 27
Answer Stats
Hint Place % Correct
Russia sold this state to the US Alaska
100%
Prison island in San Francisco Alcatraz
97%
Capital of Greece Athens
96%
Country that's also a continent Australia
92%
Capital of the Netherlands Amsterdam
91%
Capital of Texas Austin
88%
Was united with Hungary until 1918 Austria
86%
Capital of Turkey Ankara
84%
Biggest city in New Zealand Auckland
84%
Major city in Australia Adelaide
82%
Capital of Algeria Algiers
81%
Small country in the Caribbean Antigua and Barbuda
81%
Second biggest city in Belgium Antwerp
78%
Turkey comited genocide on this country Armenia
78%
It's flag is red with a two headed eagle Albania
77%
Province of Canada Alberta
77%
One of the four corner states Arizona
77%
Was invaded by the USSR and the US Afghanistan
74%
Where the Taj Mahal is Agra
74%
Capital of Jordan Amman
74%
Capital of New York Albany
73%
Country in Africa Angola
73%
Prison in Harry Potter Azkaban
71%
Has a territorial dispute with Armenia Azerbaijan
65%
France lost this country after a brutal war Algeria
61%
Former member of the Confederacy Alabama
55%
Planet destroyed by the Death Star Alderaan
27%
No matching quizzes found
Score Distribution
Percent of People with Each Score
Percentile by Number Answered
Your Score History
You have not taken this quiz